The Day the vegetables came to School / (Record no. 51489)

MARC details
000 -LEADER
fixed length control field 01501nam a22002537a 4500
005 - DATE AND TIME OF LATEST TRANSACTION
control field 20110407105145.0
020 ## - INTERNATIONAL STANDARD BOOK NUMBER
International Standard Book Number 8182631394
Terms of availability 20.00
035 ## - SYSTEM CONTROL NUMBER
System control number B-432464-468
037 ## - SOURCE OF ACQUISITION
Stock number DPL
Source of stock number/acquisition Blue Berry
082 ## - DEWEY DECIMAL CLASSIFICATION NUMBER
Classification number S
100 ## - MAIN ENTRY--PERSONAL NAME
Personal name Gowda, Venkatramana
245 ## - TITLE STATEMENT
Title The Day the vegetables came to School /
Statement of responsibility, etc by Venkatramana Gowda ; illustrated by Padmanabha ; translated by Divaspathy Hegde
250 ## - EDITION STATEMENT
Edition statement 3rd
260 ## - PUBLICATION, DISTRIBUTION, ETC. (IMPRINT)
Place of publication, distribution, etc New Delhi
Name of publisher, distributor, etc Pratham Books
Date of publication, distribution, etc 2010
270 ## - ADDRESS
Address 633-634,4th "C" Main,6th 'B' Cross, OMBR Layout Banaswadi,
City Bangalore
Postal code 560043
Telephone number 911141042483 (New Delhi)
300 ## - PHYSICAL DESCRIPTION
Extent 24p.
Other physical details ill.
Dimensions 13 cm.(pbk)
942 ## - ADDED ENTRY ELEMENTS (KOHA)
Source of classification or shelving scheme Dewey Decimal Classification
Item type Children Books
Classification part S
Call number suffix GOW
Holdings
Withdrawn status Lost status Not for loan Collection code Home library Current library Date acquired Source of acquisition Cost, normal purchase price Full call number Barcode Copy number Cost, replacement price Koha item type
      Fiction Central Library Central Library 21/07/2011 Blue Berry/6363/25.3.11/83/21.3.11/31.3.11 20.00 S GOW B-432464 1 20.00 Children Books
      Fiction Karol Bagh Karol Bagh 21/07/2011 Blue Berry/6363/25.3.11/83/21.3.11/31.3.11 20.00 S GOW B-432467 1 20.00 Children Books
  Written-off vide DLB M. No. 383 dt 16.05.19   Fiction Patel Nagar Patel Nagar 21/07/2011 Blue Berry/6363/25.3.11/83/21.3.11/31.3.11 20.00 S GOW B-432465 1 20.00 Children Books
      Fiction Sarojini Nagar Sarojini Nagar 21/07/2011 Blue Berry/6363/25.3.11/83/21.3.11/31.3.11 20.00 S GOW B-432466 1 20.00 Children Books
  Written-off vide DLB M. No. 383 dt 16.05.19   Fiction Shahdara Branch Shahdara Branch 21/07/2011 Blue Berry/6363/25.3.11/83/21.3.11/31.3.11 20.00 S GOW B-432468 1 20.00 Children Books

© Delhi Public Library
Hit Counter
free hit counter